000 00586nab a2200193 a 4500
005 20210219155743.0
008 991125s1985 mx 000 0 spa u
035 _aUPN01000151259
100 1 _aVaillant Alcalde, Denise
222 0 _aREVISTA DE EDUCACION
245 0 0 _aAtraer y retener buenos profesionales en la profesión docente : políticas en Latinoamérica
260 _aMadrid, España
300 _a117-140
362 0 _a2006 No. 340, may.-ago.
653 0 _aPRACTICA DOCENTE
653 0 _aCONDICIONES DE TRABAJO
653 0 _aPOLITICA EDUCATIVA
905 _aArticulo
999 _c123397
_d123397